000 00462nam a2200181Ia 4500
001 2517
005 20260306144813.0
008 260306t2009||||xx |||||||||||||| ||spa||
041 _aESP
082 _a616.8914
_bF81
100 _aFrankl, Viktor E.
_eAUT
245 0 _aEl hombre doliente:
_bfundamentos antropológicos de la psicoterapia
260 _c2009
300 _a317 páginas :
_c22 cm.
650 _aGEN
654 _aCPS
942 _cLIB
_dJUS
_fJUS
_2ddc
_n
999 _c2517
_d2517